000 00237nam a2200097Ia 4500
001 749690
005 20250826164439.0
008 250824s9999 xx 000 0 und d
245 0 _aGÜZEL SESLİ HOROZ
_cANONİM
260 _bKARATAY YAYINLARI
999 _c749690
_d749690